| 000 | 00360nam a2200133Ia 4500 | ||
|---|---|---|---|
| 008 | 231017s9999 xx 000 0 und d | ||
| 082 | _a624.171 | ||
| 082 | _bMOO | ||
| 245 | 0 | _aImproving Quality Assurance of MSE Wall and Bridge Aproach Earthquake Compaction | |
| 245 | 0 | _cMichael A. Mooney | |
| 260 | _bMichael A. Mooney | ||
| 300 | _c30cm | ||
| 942 | _cREP | ||
| 999 |
_c603842 _d603842 |
||